000 00471nam a2200169Ia 4500
008 240729s9999 xx 000 0 und d
022 _a2319-7269
245 0 _aIndian Journal of Paediatric Dermatology
260 _aIndia
260 _bWolters Kluwer Medknow Publications
650 _a Dermatology | Medicine
650 _a Pediatrics
650 _aMedicine
856 _uhttps://doaj.org/toc/05c7fcc6e8b9447b8ae33195e9120732
942 _2ddc
942 _cDOAJEJ
999 _c70200
_d70200
945 _a1
_bMadushi Gamage
_c1
_dMadushi Gamage